Suicide Prevention : (Record no. 612815)

MARC details
000 -LEADER
fixed length control field 00476nam a2200193 a 4500
008 - FIXED-LENGTH DATA ELEMENTS--GENERAL INFORMATION
fixed length control field 260217s1998##################000#0#eng##
020 ## - INTERNATIONAL STANDARD BOOK NUMBER
ISBN 9780792344681
082 04 - DEWEY DECIMAL CLASSIFICATION NUMBER
Classification number 362.287
Item number LEO
100 1# - MAIN ENTRY--AUTHOR NAME
Personal name Leo, D. de,
245 10 - TITLE STATEMENT
Title Suicide Prevention :
260 ## - PUBLICATION, DISTRIBUTION, ETC. (IMPRINT)
Name of publisher Springer,
Year of publication 1998.
300 ## - PHYSICAL DESCRIPTION
Number of Pages 243 pages
650 #0 - SUBJECT ADDED ENTRY--TOPICAL TERM
Topical Term Medical.
942 ## - ADDED ENTRY ELEMENTS (KOHA)
Koha item type English Books
Holdings
Withdrawn status Lost status Damaged status Not for loan Home library Current library Shelving location Date acquired Full call number Accession Number Price effective from Koha item type
        Anna Centenary Library Anna Centenary Library 4TH FLOOR, A WING 17.02.2026 362.287 LEO 209836 17.02.2026 English Books

Find us on the map